000 00462nam a2200169Ia 4500
003 IN-BaIIA
008 211028s9999 xx 000 0 eng d
040 _cIIA Library
080 _a54
_bMAH
100 _aMahan, Bruce H
_910095
245 0 _aUniversity chemistry
_cBruce H Mahan
250 _a3rd ed.
260 _aMassachusetts
_bAddison-Wesley
_c1977
300 _axv, 894p.
650 _aChemistry
942 _cBK
999 _c5829
_d5829